000 00997nam a22002897i 4500
003 EG-GICUC
005 20260121101633.0
008 260101s1903 fr |||fr|||| 001 0 fre d
040 _aEG-GiCUC
_bfre
_cEG-GiCUC
_dEG-GiCUC
_eRda
041 _afre
082 0 4 _221
_a341.30624
_bCO . S
092 0 4 _221
099 _aLaw1 11 341.30624 CO . S 1903
100 1 _aCocheris, Jules.
_eAuteur
245 1 0 _aSituation internationale de l’Egypte et du Soudan :
_b(juridique et politique) /
_cPar Jules Cocheris.
264 1 _aParis :
_bPlon-Nourrit et cie,
_c1903.
300 _a616 pages ;
_c24 cm.
336 _2rda contenu
_a texte
337 _2rda medias
_aOrdinateur
338 _2 transporteur rda
_a Ressource en ligne
504 _aBiblographie. 561-571.
546 _aTexte en français
650 1 4 _aRelations internationales
_xDroit international public
_zSoudan
_zÉgypte
856 4 0 _uhttps://fll.law.cu.edu.eg/fulltext/bks/B11-06786.pdf
905 _a75
942 _2ddc
_cBK
_e21
_n0
999 _c53726
_d53726